000 00734nam a22002297a 4500
005 20150226110300.0
008 140714b xxu||||| |||| 00| 0 Urdu d
010 _aUR-8687
020 q _c200..00
020 _c9789350734780
035 _aU-7242
037 _bDBAD/Pub.
040 _aDPL
_bUrdu
082 _a841
100 _aا ما م ا عظم
245 _a‎نيلم کی آ و ا ز :شعر ی مجمو عہ
_cا ما م ا عظم
246 _aNeelam ki Aawaz (Urdu Poetry)
_bBy Imam Azam
260 _aد ھلی
_bEducational Publishing House
_c2014
270 _a3108,Vakeel Street,Kucha Pandit,Lal Kuan
_b.Delhi
_e110006
300 _a200ص
_c22Cm (Hb)
942 _2ddc
_cUR
_e
_h841
_mا م ا
999 _c91929
_d91929